Welcome to the Holygrace Academy Library

Please use search bar below to get started

TARGET 2011 MATHEMATICS (Record no. 646)

MARC details
000 -LEADER
fixed length control field 00322nam a22001337a 4500
020 ## - INTERNATIONAL STANDARD BOOK NUMBER
ISBN 978-0-07-070497-8
082 ## - DEWEY DECIMAL CLASSIFICATION NUMBER
Classification number 510
Item number DUB/T
100 ## - MAIN ENTRY--AUTHOR NAME
Personal name MANOJ DUBEY
245 ## - TITLE STATEMENT
Title TARGET 2011 MATHEMATICS
Remainder of title FOR CLASS XII
260 ## - PUBLICATION, DISTRIBUTION, ETC. (IMPRINT)
Place of publication DELHI
Name of publisher McGRAW HILL EDUCATION
300 ## - PHYSICAL DESCRIPTION
Number of Pages 422
650 ## - SUBJECT ADDED ENTRY--TOPICAL TERM
Topical Term MATHS FOR CLASS XII
Geographic subdivision INDIA
942 ## - ADDED ENTRY ELEMENTS (KOHA)
Koha item type Books
Holdings
Withdrawn status Lost status Collection code Home library Current library Shelving location Date acquired Source of acquisition Cost, normal purchase price Full call number Accession Number Koha item type
    Reference Main Library Main Library SHELF-10 D PLUS 2 -MATHS 15/09/2010 purchase 275.00 510 DUB/T 05728 Books